000 01111cam a2200205 4500
001 WB@3612-208
008 041006n2004 000 0 eng u
035 _a(Sirsi) u127634
245 _aSustainable development in Wales
260 _c2004
490 _aPlanning (for the Natural and Built Environment)
_v(1589) 1 October 2004 3(1)
520 _a"A summary of sustainable development in Wales" has just been published by the Joseph Rowntree Foundation. The study shows that the concept of sustainable development causes considerable confusion for policy-makers in Wales. This range of interpretations results in a lack of progress in many organisations. The report also argues that the duty on the Welsh Assembly government to promote sustainable development is an important factor in promoting an integrated approach. The report can be viewed at: http://www.jrf.org.uk. http://www.jrf.org.uk/knowledge/findings/housing/9 24.asp
590 _aWB
590 _aWB
650 _aSUSTAINABLE DEVELOPMENT
650 _aWALES
650 _aGUIDANCE
690 _aDEVELOPMENT-SUSTAINABLE
942 _n0
999 _c118128
_d118128